|
|
|
|
| LEADER |
00000cam a2200000 7i4500 |
| 001 |
0000003893 |
| 005 |
20110819.0 |
| 090 |
0 |
0 |
|a R THE 634.97
|b ZULK 2004
|
| 100 |
0 |
0 |
|a Zulkifly Mohd Sanusi
|
| 245 |
0 |
0 |
|a Relationship between foliar nutrient concentrations of shorea leprosula (meranti tembaga) under enrichment planting and some soil properties at Ibam Forest Reserve, Rompin, Pahang
|c Zulkifly Mohd Sanusi
|
| 260 |
0 |
0 |
|a Serdang, Selangor :
|b Universiti Putra Malaysia ,
|c 2004
|
| 300 |
|
|
|a xiv, 98 p. :
|b .ill (col.) ;
|c 30 cm.
|
| 500 |
0 |
0 |
|a Bibliography : p. 87-95
|
| 500 |
0 |
0 |
|a Thesis: Bac. of Forestry Science, Universiti Putra Malaysia (2004)
|
| 650 |
0 |
0 |
|a Ibam Forest Reserve---Pahang---Malaysia
|
| 650 |
0 |
0 |
|a Shorea leprosula (meranti tembaga)
|
| 998 |
|
|
|a JPSM
|
| 999 |
|
|
|a 005935
|b Thesis
|c Reference
|e Default branch
|